First Order of the Phoenix Quiz Stats

 Plays Quiz not verified by Sporcle

Also try: Goodnight Moon
Challenge
Share
Tweet
Embed
Score 0/26 Timer 10:00
0 Plays Today
Member % Correct
James Potter
97.6%
Albus Dumbledore
96.4%
Lily Potter
96.4%
Sirius Black
95.2%
Remus Lupin
90.5%
Peter Pettigrew
88.1%
Alastor Moody
85.7%
Alice Longbottom
81%
Frank Longbottom
81%
Minerva McGonagall
76.2%
Aberforth Dumbledore
71.4%
Severus Snape
70.2%
Fabian Prewett
69%
Member % Correct
Gideon Prewett
66.7%
Dedalus Diggle
60.7%
Rubeus Hagrid
60.7%
Marlene McKinnon
58.3%
Elphias Doge
53.6%
Emmeline Vance
53.6%
Mundungus Fletcher
52.4%
Edgar Bones
44%
Dorcas Meadowes
42.9%
Sturgis Podmore
42.9%
Arabella Figg
40.5%
Benjy Fenwick
40.5%
Caradoc Dearborn
35.7%

You're not logged in!

Compare scores with friends on all Sporcle quizzes.
Join for Free
OR
Log In

You Might Also Like...

Show Comments

Extras

Top Quizzes Today


Score Distribution

Your Account Isn't Verified!

In order to create a playlist on Sporcle, you need to verify the email address you used during registration. Go to your Sporcle Settings to finish the process.

Report this User

Report this user for behavior that violates our Community Guidelines.

Details: